| 000 | 00488nam a2200157 i 4500 | ||
|---|---|---|---|
| 001 | 187683 | ||
| 003 | ES-MaACL | ||
| 005 | 20230906223014.0 | ||
| 008 | 180115s1914 fr |||| | fre d | ||
| 080 | _a94(438)"19" | ||
| 245 | 0 | 0 |
_aRenaissance de la Pologne. _n1, _pPour une paix durable. |
| 260 |
_aParis : _bSociété Générale d'Imprimerie et d'Édition Levé, _c1914. |
||
| 300 |
_a32 p. ; _c26 cm. |
||
| 651 | 4 |
_aPolonia- _xHistoria- _yS.XX. _9164038 |
|
| 852 | 4 |
_aES-MaACL _j1500-F-9 |
|
| 999 |
_c187683 _d187683 |
||